Gaming Quiz

Random Gaming or Video Games Quiz

Dawn of War 2 Squad Members Quiz Stats

 Plays Quiz not verified by Sporcle

Challenge
Share
Tweet
Embed
Score 0/8 Timer 02:00
0 Plays Today
Characteristics Squad Member % Correct
Tactical Marine leaderTarkus
95.2%
Scout Marine leaderCyrus
88.1%
DreadnoughtDavian Thule
88.1%
Main characterForce Commander
85.7%
Devastator Marine leaderAvitus
83.3%
Assault Marine leaderThaddeus
81%
Techmarine, not technically a squad memberMartellus
57.1%
PsykerJonah Orion
50%

You're not logged in!

Compare scores with friends on all Sporcle quizzes.
OR
Log In

You Might Also Like...

Show Comments

Extras

Top Quizzes Today


Score Distribution

Your Account Isn't Verified!

In order to create a playlist on Sporcle, you need to verify the email address you used during registration. Go to your Sporcle Settings to finish the process.

Report this User

Report this user for behavior that violates our Community Guidelines.

Details: